000 00448nam a2200181Ia 4500
001 11086
005 20260306161920.0
008 260306t1988||||xx |||||||||||||| ||spa||
041 _aESP
082 _a985.004
_bP86
100 _aPrieto Celi, Federico
_eAUT
245 0 _aEl desarrollo invisible:
_bensayo sobre el Perú
260 _c1988
300 _a249 páginas :
_c20 cm.
650 _aGEN
654 _aCHU
942 _cLIB
_dJUS
_fJUS
_2ddc
_n
999 _c11086
_d11086